000
00332nam a22001457a 4500
003
SGT
020
_a
818974758-4
082
_a
611
_b
BAN
100
_a
BANSAL, RAJPAL
245
_a
ESSENTIALS OF HUMAN ANATOMY AND PHYSIOLOGY
260
_a
INDIA
_b
BIRLA PUB.
_c
2026
300
_a
616
650
_a
HUMAN ANATOMY
942
_2
ddc
_c
BK
999
_c
32869
_d
32869